Sketches from my past : (Record no. 128569)

MARC details
000 -LEADER
fixed length control field 00831nam a22002297a 4500
005 - DATE AND TIME OF LATEST TRANSACTION
control field 20170124110041.0
010 ## - LIBRARY OF CONGRESS CONTROL NUMBER
LC control number A-950224
020 ## - INTERNATIONAL STANDARD BOOK NUMBER
Terms of availability 00.00
International Standard Book Number 8186706062
035 ## - SYSTEM CONTROL NUMBER
System control number A-950224
037 ## - SOURCE OF ACQUISITION
Source of stock number/acquisition Cen Lib/Ret
040 ## - CATALOGING SOURCE
Original cataloging agency DPL
Language of cataloging EN
082 ## - DEWEY DECIMAL CLASSIFICATION NUMBER
Classification number 821.08
Item number VAR
100 ## - MAIN ENTRY--PERSONAL NAME
Personal name Varma, Mahadevi
9 (RLIN) 23795
245 ## - TITLE STATEMENT
Title Sketches from my past :
Statement of responsibility, etc by Mahadevi Varma; translation of Mahadevi Varma's ateet ke chalchitra by Neera Kuchreja Sohoni
Remainder of title encounters with India's oppressed /
260 ## - PUBLICATION, DISTRIBUTION, ETC. (IMPRINT)
Name of publisher, distributor, etc Kali for Women
Date of publication, distribution, etc 1994
Place of publication, distribution, etc New Delhi
270 ## - ADDRESS
Address B 1/8, Hauz Khas
City New Delhi
Postal code 110016
300 ## - PHYSICAL DESCRIPTION
Extent xxiii,142p.
Dimensions 22cm(Hb)
650 ## - SUBJECT ADDED ENTRY--TOPICAL TERM
Topical term or geographic name as entry element Varmā, Mahādevī, -- 1907-1987 -- Biography
9 (RLIN) 23796
650 ## - SUBJECT ADDED ENTRY--TOPICAL TERM
Topical term or geographic name as entry element Women -- India -- Social conditions
9 (RLIN) 6885
700 ## - ADDED ENTRY--PERSONAL NAME
Personal name Sohoni, Neera Kuckreja
9 (RLIN) 8954
942 ## - ADDED ENTRY ELEMENTS (KOHA)
Source of classification or shelving scheme Dewey Decimal Classification
Koha item type English Books
Classification part 821.08
Call number suffix VAR
Holdings
Withdrawn status Lost status Damaged status Not for loan Home library Current library Date acquired Source of acquisition Cost, normal purchase price Total Checkouts Total Renewals Full call number Barcode Date last seen Date checked out Copy number Cost, replacement price Price effective from Koha item type Collection code
        Central Library Central Library 02/07/2015 Cen Lib/Ret 0.00 2 1 821.08 VAR A-950224 03/10/2023 12/08/2023 1 0.00 02/07/2015 English Books  
      Not For Loan Central Library Central Library 29/07/2015 Cen Lib/Ret 250.00     821.08 VAR A-950225 29/07/2015   1 250.00 29/07/2015 English Books Reference

© Delhi Public Library
Hit Counter
free hit counter